00922nam a2200229 i 4500003000900000005001700009007000300026008004100029020001500070040003000085082002300115245007700138264005800215300002600273336002700299337003400326338002800360490008100388490004300469700005700512830012300569DO-SdBNP20250210131928.0ta110413s1986 dr 000 0 spa d a9993492418 aDO-SdBNPbspacBNPHUerda 4a865.44 bG182a22200aAntología de Ercilia Pepín /cselección y notas, William Galván  1aSanto Domingo :bEditora Universitaria - UASD,c1986. a97 páginas c21 cm. 2rdacontentatextobtxt 2rdamediaasin mediación bn 2rdacarrieravolumenbnc1 aColección Publicaciones de la Universidad Autónoma de Santo Domingov5021 aColección Educación y Sociedadv291 aGalván, William,d1953-eselección y notas4sel. aColección Publicaciones de la Universidad Autónoma de Santo Domingon502 - 29pColección Educacción y Sociedad